Charles S. Dutton Filmography - Statistics

General Stats
  • This quiz has been taken 4 times
    3 since last reset
  • The average score is 41 of 120
Answer Stats
Type Year Name % Correct
TV Show 1991-1994 Roc
100%
Film 1992 Alien 3
67%
Film 2012 Bad Ass
67%
TV Show 2011 Criminal Minds
67%
TV Show 2006, 2007 House
67%
Film 1991 Mississippi Masala
67%
Film 1995 Nick of Time
67%
Film 2014 Scooby-Doo! WrestleMania Mystery
67%
Film 2004 Secret Window
67%
Film 1995 Seven
67%
TV Film 2002 10,000 Black Men Named George
33%
TV Film 2012 40 Minutes of Hell
33%
TV Mini-Series 1999 Aftershock: Earthquake in New York
33%
Film 2004 Against the Ropes
33%
Film 1994 A Low Down Dirty Shame
33%
TV Show 1989 A Man Called Hawk
33%
TV Film 1993 A Matter of Justice
33%
TV Show 2011 American Horror Story
33%
Film 2008 American Violet
33%
Film 2014 Android Cop
33%
TV Film 2015 A Novel Romance
33%
TV Film 1986 Apology
33%
TV Show 1993 Are You Afraid of the Dark?
33%
Film 1990 Astonished
33%
Film 1996 A Time to Kill
33%
Film 2013 A Very Larry Christmas
33%
TV Film 2015 Bessie
33%
Film 1998 Black Dog
33%
Film 1998 Blind Faith
33%
TV Show 1986 Cagney & Lacey
33%
Film 2015 Carter High
33%
Film 1985 Cat's Eye
33%
TV Show 2005 Clubhouse
33%
Film 2014 Comeback Dad
33%
TV Film 2002 Conviction
33%
Film 1999 Cookie's Fortune
33%
Film 1988 Crocodile Dundee II
33%
Film 1995 Cry, the Beloved Country
33%
TV Show 2009 CSI: NY
33%
TV Show 2010 Dark Blue
33%
TV Film 2003 D.C. Sniper: 23 Days of Fear
33%
TV Film 2000 Deadlocked
33%
Film 2002 D-Tox
33%
TV Show 2001 Ed
33%
TV Show 1990 Equal Justice
33%
Film 2002 Eye See You
33%
Film 2009 Fame
33%
TV Film 1997 First Time Felon
33%
Film 1994 Foreign Student
33%
TV Film 2000 For Love or Country: The Arturo Sandoval Story
33%
Documentary Series 2003 Freedom: A History of US
33%
Film 1996 Get on the Bus
33%
Film 2003 Gothika
33%
TV Show 1997 Happily Ever After: Fairy Tales for Every Child
33%
TV Show 1996 Homicide: Life on the Street
33%
Film 2007 Honeydripper
33%
Film 1989 Jacknife
33%
TV Film 1996 Jack Reed: A Killer Among Us
33%
TV Film 1994 Jack Reed: A Search for Justice
33%
TV Film 1996 Jack Reed: Death and Vengeance
33%
TV Film 1995 Jack Reed: One of Our Own
33%
Film 1996 Last Dance
33%
TV Show 2011 Law & Order: LA
33%
Film 2012 Least Among Saints
33%
Film 2010 Legion
33%
TV Show 2012-2014 Longmire
33%
Film 2012 LUV
33%
Theater 1984-1985, 2003 Ma Rainey's Black Bottom
33%
TV Film 2005 Mayday
33%
Film 1993 Menace II Society
33%
TV Show 1985, 1986 Miami Vice
33%
Film 1997 Mimic
33%
TV Show 2007 My Name Is Earl
33%
TV Film 1996 Night Visitors
33%
Film 1988 No Mercy
33%
TV Show 1998 Oz
33%
Film 1991 Pretty Hattie's Baby
33%
Film 1990 Q&A
33%
TV Film 2008 Racing for Time
33%
Film 1999 Random Hearts
33%
Film 1993 Rudy
33%
TV Film 1989 Runaway
33%
TV Show 2006 Sleeper Cell
33%
TV Film 2004 Something the Lord Made
33%
Film 1994 Surviving the Game
33%
TV Film 2007 Suspect
33%
TV Mini-Series 2000 The Corner
33%
Film 1992 The Distinguished Gentleman
33%
TV Show 1985 The Equalizer
33%
Film 2008 The Express: The Ernie Davis Story
33%
TV Show 2014 The Following
33%
TV Show 2012 The Good Wife
33%
Film 2005 The L.A. Riot Spectacular
33%
TV Show 2005 The L Word
33%
Film 2013 The Monkey's Paw
33%
TV Mini-Series 1988 The Murder of Mary Phagan
33%
Film 2012 The Obama Effect
33%
Film 2015 The Perfect Guy
33%
Theater 1988, 1990-1991 The Piano Lesson
33%
TV Film 1995 The Piano Lesson
33%
TV Show 2001 The Practice
33%
TV Show 2001 The Sopranos
33%
Film 2008 The Third Nail
33%
TV Show 2005-2006 Threshold
33%
TV Film 1990 Traitor in My House
33%
TV Show 1997 True Women
33%
Short Film 2016 Veneration
33%
Film 2015 What Lola Wants
33%
TV Show 2002, 2003 Without a Trace
33%
TV Show 2013 Zero Hour
33%
TV Film 1995 Zooman
33%
Theater 2009 Death of a Salesman
0%
Theater 1986 Joe Turner's Come and Gone
0%
Theater 1977 Man with Bags
0%
TV Documentary 1993 Mo' Funny: Black Comedy in America
0%
Theater 1988 Splendid Mummer
0%
Theater 1998 St. Louis Woman
0%
Award Show 1993 The 14th Annual American Black Achievement Awards
0%
TV Mini-Series 1999 The 60's
0%
Theater 2003-2004 The Exonerated
0%
No matching quizzes found
Score Distribution
Percent of People with Each Score
Percentile by Number Answered
Your Score History
You have not taken this quiz since the last reset